00484 2200169 4500001002100000005001700021008004100038035002900079090001400108100002100122245005000143250001000193260004100203300002800244650001800272990002400290INLIS00000000002228320140307101533.0  a##a0010-031400000000105 a303 Cli m aClifford Greertz aMojokutobDinamika Sosial Sebuah Kota di Jawa aCet 1 aJakartabPustaka Grafity Pressc1986 axviii + 182 hlm ; 21 cm aProses Sosial a30309/pusdacil/2014